| 000 | 00433pab a2200169 454500 | ||
|---|---|---|---|
| 008 | 180718b2014 xxu||||| |||| 00| 0 eng d | ||
| 100 | _aSingh, Gurjant | ||
| 245 | _aUrban governance: A study of the role of municipal leaders and officers | ||
| 260 | _c2014 | ||
| 300 | _ap.68-85. | ||
| 362 | _aApr-Jun | ||
| 650 | _aUrban development | ||
| 700 | _aGill, Rajbans Gill | ||
| 773 | _aNagarlok | ||
| 908 | _aN | ||
| 909 | _a106496 | ||
| 999 |
_c106491 _d106491 |
||